1311 1281 1747 1683 1715 1426 1268 1853 1867 1088 1364 1369 1915 1947 1294 1735 1785 1864 1924 1192 1531 1628 1102 1118 1799 1619 1719 1923 1654 1970 1634 1553 1721 1951 1965 1282 1762 1295 1390 1834 1622 1352 1441 1974 1144 1042 1648 1197 1012 1012 1291 1472 1204 1918 1181 1783 1204 1143 1410 1740 1060 1334 1378 1076 1680 1367 1384 1023 1608 1181 1692 1593 1099 1542 1854 1064 1064 1622 1930 1834 1788 1580 1040 1759 1545 1438 1905 1133 1767 1513 1957 1534 1976 1464 1855 1514 1498 1814 1698 BCNSPRNW ULIB Ver.6.0+V

เปลี่ยนเป็นภาษาไทย

Change to English
 แสดงรายละเอียดบรรณานุกรม
  กลับหน้าหลัก

Brief Record : Get Marc (ISO 2709) : E-mail record : QR code < ปิดหน้าต่าง
LEADER : 00000nam 2200000uu 4500
001    13399113623
003     ULIB
008    111207s2552||||th 000 0 tha d
020    ^a9789747519198
090    ^aนว.^bธ761ส 2552
100 0  ^aธุวดารา
245 00 ^aสะใภ้มือใหม่/^cธุวดารา
250    ^aพิมพ์ครั้งที่ 1
260    ^aกรุงเทพฯ :^bSugar Beat,^c2552
300    ^a340 หน้า
710 1  ^aSugar Beat
945    ^p240^l0^i16295
995    ^aทศพร
999 ^a ทศพร
รายการนี้ยังไม่มีแท็ก
คุณยังไม่ได้ล็อกอิน คุณสามารถมีกิจกรรมร่วมกับเว็บไซต์ได้ แต่ต้องล็อกอินก่อน ::
  ล็อกอิน

รายการสื่อสารสนเทศ

ลำดับที่ ประเภท เลขเรียก/บาร์โค้ด สถานที่ สถานะ
1. นวนิยาย
นวนิยาย
นว. ธ761ส 2552 ฉ.1 
  Barcode: 16295
ห้องสมุดวิทยาเขตสวรรค์ประชารักษ์
►นวนิยาย
บนชั้น
  ขอยืม

รายการใกล้เคียง
    ผู้แต่ง [ธุวดารา]

BibComment


ยังไม่เคยถูกคอมเมนท์

คอมเมนท์ทรัพยากรรายการนี้
  คอมเมนท์: สะใภ้มือใหม่ ธุว..


 Copyright 2026. Bcnsprnw @Library